000 00431nam a2200181Ia 4500
003 OSt
005 20230130110430.0
008 210210b1958 xxu||||| |||| 00| 0 eng d
040 _cAL
041 _aeng
082 _a940/199
100 _aREBELLO (I)
_970107
245 _aHistory of modern Europe
260 _aMangalore
_bCodial Bail Press
_c1958
690 _aEuropean History
_970108
906 _a025267
942 _2ddc
_cBK
999 _c151118
_d151118